Marx's theory of exchange, alienation, and crisis : with a new introduction /

Bibliographic Details
Main Author: Roberts, Paul Craig, 1939-
Other Authors: Stephenson, Matthew A.
Format: Book
Language:English
Published: New York : Praeger, 1983.
Subjects:

MARC

Tag First Indicator Second Indicator Subfields
LEADER 00000cam a22000008a 4500
001 in00000520321
005 20151013084039.0
008 830912s1983 nyu b 00110 eng
010 |a  83019136  
020 |a 0030697913 :  |c $21.95 
035 |a (OCoLC)09971113 
035 |9 ACF4815AM 
039 0 |a 2  |b 3  |c 3  |d 3  |e 3 
040 |a DLC  |c DLC  |d TXA  |d UtOrBLW 
049 |a TXAM  |c [1364888] 
050 0 0 |a HB97.5  |b .R582 1983 
082 0 |a 335.4/12  |2 19 
100 1 |a Roberts, Paul Craig,  |d 1939- 
245 1 0 |a Marx's theory of exchange, alienation, and crisis :  |b with a new introduction /  |c Paul Craig Roberts, Matthew A. Stephenson. 
263 |a 8312 
264 1 |a New York :  |b Praeger,  |c 1983. 
300 |a xvi, 127 pages 
336 |a text  |b txt  |2 rdacontent 
337 |a unmediated  |b n  |2 rdamedia 
338 |a volume  |b nc  |2 rdacarrier 
504 |a Includes bibliographical references and index. 
650 0 |a Marxian economics. 
700 1 |a Stephenson, Matthew A. 
999 |a MARS 
999 f f |s 0d1131cc-46ea-3e13-9aac-5048cd768892  |i 8dccdf34-a8a9-3d80-b444-54e94f52673e  |t 0 
952 f f |p ric  |a Texas A&M University  |b Rellis Campus  |c Joint Library Facility  |d Remote Storage  |t 0  |e HB97.5 .R582 1983  |h Library of Congress classification  |i unmediated -- volume  |m A14808011434 
998 f f |a HB97.5 .R582 1983  |t 0  |l Remote Storage